书目信息 |
| 题名: |
图解PLC、变频器与触摸屏技术完全自学手册
|
|
| 作者: | 蔡杏山 主编 | |
| 分册: | ||
| 出版信息: | 北京 化学工业出版社 2015.04 |
|
| 页数: | 372页 | |
| 开本: | 26cm | |
| 丛书名: | ||
| 单 册: | ||
| 中图分类: | TP332.3-64 , TN773-64 , TP334.1-64 | |
| 科图分类: | ||
| 主题词: | 可编程序控制器--图解 , 变频器--图解 , 触摸屏--图解 | |
| 电子资源: | ||
| ISBN: | 978-7-122-22863-5 | |
| 000 | 01203nam0 2200277 450 | |
| 001 | 0400006851 | |
| 005 | 20171107094431.0 | |
| 010 | @a978-7-122-22863-5@dCNY88.00 | |
| 100 | @a20151101e20172015em y0chiy50 ea | |
| 101 | 0 | @achi |
| 102 | @aCN@b110000 | |
| 105 | @aa z 000yy | |
| 106 | @ar | |
| 200 | 1 | @a图解PLC、变频器与触摸屏技术完全自学手册@Atu jie PLC、bian pin qi yu chu mo ping ji shu wan quan zi xue shou ce@f蔡杏山主编 |
| 210 | @a北京@c化学工业出版社@d2015.04@h2017.02 | |
| 215 | @a372页@d26cm | |
| 330 | @a本书以图文并茂的形式介绍了PLC技术、变频器技术、触摸屏技术快速入门知识与综合应用,内容包括PLC快速入门、三菱FX系列PLC介绍、三菱编程与仿真软件的使用、基本指令的使用及案例、步进指令的使用及实例、应用指令使用详解、模拟量模块的使用、PLC通信、变频器的调速原理与基本组成、变频器的使用、变频器的典型控制功能及应用电路、变频器的选用、安装与维护、触摸屏与PLC的综合应用、PLC与变频器的综合应用。 | |
| 606 | 0 | @a可编程序控制器@j图解 |
| 606 | 0 | @a变频器@j图解 |
| 606 | 0 | @a触摸屏@j图解 |
| 690 | @aTP332.3-64@v5 | |
| 690 | @aTN773-64@v5 | |
| 690 | @aTP334.1-64@v5 | |
| 701 | 0 | @a蔡杏山@Acai xing shan@4主编 |
| 801 | 0 | @aCN@b上海新华@c20171107 |
| 905 | @b1027511-5@dTP332.3-64@e171@f5 | |
| 图解PLC、变频器与触摸屏技术完全自学手册/蔡杏山主编.-北京:化学工业出版社,2015.04(2017.02) |
| 372页;26cm |
| ISBN 978-7-122-22863-5:CNY88.00 |
| 本书以图文并茂的形式介绍了PLC技术、变频器技术、触摸屏技术快速入门知识与综合应用,内容包括PLC快速入门、三菱FX系列PLC介绍、三菱编程与仿真软件的使用、基本指令的使用及案例、步进指令的使用及实例、应用指令使用详解、模拟量模块的使用、PLC通信、变频器的调速原理与基本组成、变频器的使用、变频器的典型控制功能及应用电路、变频器的选用、安装与维护、触摸屏与PLC的综合应用、PLC与变频器的综合应用。 |
| ● |
| 相关链接 |
|
|
|
|
正题名:图解PLC、变频器与触摸屏技术完全自学手册
索取号:TP332.3-64/171
 
预约/预借
| 序号 | 登录号 | 条形码 | 馆藏地/架位号 | 状态 | 备注 |
| 1 | 1027511 | 210275110 | 第二样本阅览室/ [索取号:TP332.3-64/171] | 在馆 | |
| 2 | 1027512 | 210275129 | 第三借阅区/ [索取号:TP332.3-64/171] | 在馆 | |
| 3 | 1027513 | 210275138 | 第三借阅区/ [索取号:TP332.3-64/171] | 在馆 | |
| 4 | 1027514 | 210275147 | 第三借阅区/ [索取号:TP332.3-64/171] | 在馆 | |
| 5 | 1027515 | 210275156 | 密集书库—计算机科学学院/ [索取号:TP332.3-64/171] | 在馆 |